| 000 | 00920nam a22002895a 4500 | ||
|---|---|---|---|
| 008 | 161121t2015 xxua|||fr|||| 001 0 eng d | ||
| 020 | _a9780415854443 | ||
| 040 |
_aEG-ScBUE _beng _cEG-ScBUE |
||
| 082 | 0 | 4 |
_222 _a338.4791 _bWIL |
| 100 | 1 | _aWilliams, Stephen, | |
| 245 | 1 | 0 |
_aTourism geography : _bcritical understandings of place, space and experience / _c: Williams, Stephen, 1951 May 30-; Lew, Alan A. |
| 250 | _a3rd ed. | ||
| 260 |
_aLondon : _bRoutledge, _c2015. |
||
| 300 |
_axii, 327 p. : _bill. ; _c26 cm. |
||
| 500 | _aIndex : p. 324-327. | ||
| 500 | _aGlossary : p. 254-256. | ||
| 500 | _aAppendix: p. 291-293. | ||
| 504 | _aBibliography : p. 297-323. | ||
| 590 | _aSuzan Ashmawy | ||
| 650 | 7 |
_2BUEsh _aTourism. |
|
| 650 | 7 |
_2BUEsh _aGeography. |
|
| 650 | 7 |
_2BUEsh _aHospitality industry |
|
| 651 | _2BUEsh | ||
| 653 |
_bBUSECO _cNovember2016 |
||
| 700 | 1 |
_aLew, Alan A., _eauthor. |
|
| 942 | _2ddc | ||
| 999 |
_c23225 _d23197 |
||